| 000 | 00975nam a22002297a 4500 | ||
|---|---|---|---|
| 008 | 100705s2009 enk||||| |||| 00| 0 eng d | ||
| 020 | _a0194302423 | ||
| 020 | _a 9780194304849 | ||
| 082 |
_222 _a428.0076 _bHAN TR |
||
| 100 |
_915887 _aMcDonald, Annie |
||
| 245 |
_aEnglish Result. Intermediate. Teacher's Book / _cAnnie McDonald, Mark Hancock with Rachel Godfrey |
||
| 260 |
_aOxford : _bOxford University Press, 2009 _c2009. |
||
| 300 |
_a189 p. : _bcol. ill.; _c28 cm. + _e1 DVD (4 3/4 in.)+ 3 CD-ROMs (4 3/4 in.) + 1 Student's Book+ 1 WorkBook |
||
| 650 |
_910860 _aEnglish language _xStudy and teaching-- Foreign speakers |
||
| 650 |
_913993 _aEnglish language _vTextbooks for foreign speakers. |
||
| 700 | 1 |
_aHancock, Mark _915917 |
|
| 700 |
_915919 _aGodfrey, Rachel |
||
| 740 |
_aEnglish result. intermediate. _pStudent's book |
||
| 740 |
_aEnglish result. intermediate. _pWorkbook |
||
| 740 |
_aEnglish result. intermediate. _pTeacher's Book |
||
| 942 |
_2ddc _cBB |
||
| 999 |
_c14775 _d14775 |
||